[Event "XXIV Open"]
[Site "Cappelle La Grande FRA"]
[Date "2008.02.21"]
[Round "7"]
[White "Fedorchuk, S."]
[Black "Ulibin, M."]
[Result "1-0"]
[WhiteElo "2652"]
[BlackElo "2518"]
[PlyCount "136"]
[EventDate "2008.02.16"]
[SourceDate "1999.07.01"]

1. e4 e6 2. d4 d5 3. Nd2 Nf6 4. e5 Nfd7 5. Ngf3 c5 6. c3 Nc6 7. Bd3 a5 8. O-O
a4 9. Re1 a3 10. c4 Be7 11. bxa3 cxd4 12. cxd5 Nc5 13. dxc6 Nxd3 14. Re4 Qc7
15. Rxd4 Nxc1 16. Rxc1 bxc6 17. Ne4 O-O 18. Nd6 Ra5 19. a4 Ba6 20. h4 Qb6 21.
Qb3 Qxb3 22. axb3 c5 23. Rd2 Rb8 24. Rc3 f6 25. Re3 c4 26. bxc4 fxe5 27. Rxe5
Rxe5 28. Nxe5 Rb1+ 29. Kh2 Bxh4 30. c5 Bg5 31. Rd4 Bf6 32. f4 Kf8 33. c6 Rc1
34. Ndc4 Ke8 35. c7 g5 36. Rd6 Bc8 37. Rc6 Bxe5 38. fxe5 Kd7 39. Rc5 Ke7 40. g4
h6 41. a5 Kf8 42. Kg3 Kg7 43. Kf2 h5 44. gxh5 Kh6 45. a6 Bxa6 46. c8=Q Bxc8 47.
Rxc8 Kxh5 48. Kf3 Kg6 49. Ke4 Re1+ 50. Ne3 Ra1 51. Rc6 Kf7 52. Kf3 Ra3 53. Ke4
Ra1 54. Nc2 Rc1 55. Kf3 Rf1+ 56. Ke2 Rf5 57. Rc5 Rf4 58. Ke3 Rf1 59. Nd4 Re1+
60. Kd2 Ra1 61. Rc7+ Kg6 62. Rc6 g4 63. Rxe6+ Kg5 64. Re8 g3 65. Ke3 Re1+ 66.
Kf3 Rd1 67. Rg8+ Kh5 68. Ne2 Rh1 1-0

[Event "XXIV Open"]
[Site "Cappelle La Grande FRA"]
[Date "2008.02.23"]
[Round "9"]
[White "Kotronias, V."]
[Black "Chernyshov, K."]
[Result "1/2-1/2"]
[WhiteElo "2628"]
[BlackElo "2543"]
[PlyCount "46"]
[EventDate "2008.02.16"]
[SourceDate "1999.07.01"]

1. e4 e6 2. d4 d5 3. Nd2 dxe4 4. Nxe4 Bd7 5. Nf3 Bc6 6. Bd3 Nd7 7. O-O Ngf6 8.
Ned2 Be7 9. Re1 O-O 10. c3 b6 11. Qc2 Bb7 12. b4 g6 13. Rb1 Re8 14. Ne5 Nxe5
15. dxe5 Nd7 16. Be4 c6 17. Nc4 Qc7 18. Bf4 Rf8 19. a4 Rad8 20. Bf3 Ba8 21. Qe2
b5 22. Nd2 bxa4 23. Qa6 c5 1/2-1/2

[Event "XXIV Open"]
[Site "Cappelle La Grande FRA"]
[Date "2008.02.23"]
[Round "9"]
[White "Zinchenko, Ya"]
[Black "Malakhatko, V."]
[Result "0-1"]
[WhiteElo "2516"]
[BlackElo "2600"]
[PlyCount "104"]
[EventDate "2008.02.16"]
[SourceDate "1999.07.01"]

1. e4 e6 2. d4 d5 3. Nd2 c5 4. Ngf3 cxd4 5. exd5 Qxd5 6. Bc4 Qd6 7. Qe2 Nf6 8.
Nb3 Nc6 9. Bg5 a6 10. O-O-O b5 11. Bd3 Be7 12. Kb1 Bb7 13. Nbxd4 Nxd4 14. Nxd4
Qc5 15. Nf3 Rd8 16. h4 h6 17. Be3 Qc7 18. Bd2 Nd7 19. Bc3 O-O 20. Rh3 Bf6 21.
Bxf6 Nxf6 22. Ne5 Be4 23. Ng4 Nxg4 24. Qxg4 Bf5 25. Bxf5 exf5 26. Qf3 Rxd1+ 27.
Qxd1 Rd8 28. Rd3 Rxd3 29. Qxd3 Qh2 30. a4 Qh1+ 31. Ka2 Qxh4 32. axb5 Qa4+ 33.
Kb1 Qxb5 34. Qxb5 axb5 35. Kc1 g5 36. f4 f6 37. Kd2 Kf7 38. c3 h5 39. g3 b4 40.
cxb4 Ke6 41. Ke3 Kd5 42. Kd3 Kc6 43. Kd4 Kb5 44. Kd5 gxf4 45. gxf4 h4 46. Ke6
h3 47. Kxf5 h2 48. Kxf6 h1=Q 49. f5 Qh6+ 50. Kf7 Qh7+ 51. Ke6 Qh3 52. Kf6 Kxb4
0-1

[Event "TCh-BEL 2007-8"]
[Site "Belgium BEL"]
[Date "2008.01.20"]
[Round "7"]
[White "Sprenger, J."]
[Black "Berelovich, A."]
[Result "1/2-1/2"]
[WhiteElo "2537"]
[BlackElo "2606"]
[PlyCount "66"]
[EventDate "2008.01.06"]
[SourceDate "1999.07.01"]

1. e4 e6 2. d4 d5 3. Nd2 c5 4. exd5 exd5 5. Ngf3 Nf6 6. Bb5+ Bd7 7. Bxd7+ Nbxd7
8. O-O Be7 9. dxc5 Nxc5 10. Nb3 Nce4 11. Nfd4 Qd7 12. f3 Nd6 13. Nc5 Qc7 14.
Nd3 O-O 15. Kh1 Rfe8 16. Bf4 Qb6 17. c3 Bf8 18. Qb3 Nc4 19. Qxb6 axb6 20. b3
Na5 21. Nb5 Re2 22. Rfe1 Rc2 23. Rec1 Re2 24. Re1 Rc2 25. Rec1 Re2 26. Bc7 Rd2
27. Rd1 Nxb3 28. axb3 Rxd3 29. Bxb6 Rxa1 30. Rxa1 Nd7 31. Bd4 f6 32. b4 Ne5 33.
h4 Nc6 1/2-1/2

[Event "Bundesliga 2007-8"]
[Site "Godesberg GER"]
[Date "2008.02.10"]
[Round "9"]
[White "Hansen, SuB"]
[Black "Goloshchapov, A."]
[Result "1/2-1/2"]
[WhiteElo "2549"]
[BlackElo "2563"]
[PlyCount "28"]
[EventDate "2008.02.09"]
[SourceDate "1999.07.01"]

1. e4 e6 2. d4 d5 3. Nd2 dxe4 4. Nxe4 Nd7 5. Nf3 Ngf6 6. Nxf6+ Nxf6 7. Be3 Be7
8. Bd3 O-O 9. Qe2 b6 10. O-O-O Bb7 11. Kb1 Nd5 12. Bd2 c5 13. dxc5 Bxc5 14. Ne5
Qe7 1/2-1/2

[Event "Bundesliga 2007-8"]
[Site "Godesberg GER"]
[Date "2008.02.10"]
[Round "9"]
[White "Sprenger, J."]
[Black "Meier, Geo"]
[Result "1/2-1/2"]
[WhiteElo "2537"]
[BlackElo "2570"]
[PlyCount "43"]
[EventDate "2008.02.09"]
[SourceDate "1999.07.01"]

1. e4 e6 2. d4 d5 3. Nd2 dxe4 4. Nxe4 Nd7 5. Nf3 Ngf6 6. Nxf6+ Nxf6 7. c3 c5 8.
Be3 cxd4 9. Bxd4 Qc7 10. Bd3 Bc5 11. O-O Bxd4 12. Nxd4 O-O 13. Qf3 Bd7 14. Rad1
Rad8 15. Rfe1 a6 16. Bc2 Rfe8 17. h3 Bc8 18. Bb3 b6 19. Qc6 Qb7 20. Qf3 Qc7 21.
Qc6 Qb7 22. Qf3 1/2-1/2

[Event "6th Gibtelecom Masters"]
[Site "Gibraltar ENG"]
[Date "2008.01.29"]
[Round "8"]
[White "Efimenko, Z."]
[Black "Socko, B."]
[Result "1/2-1/2"]
[WhiteElo "2638"]
[BlackElo "2635"]
[PlyCount "51"]
[EventDate "2008.01.22"]
[SourceDate "1999.07.01"]

1. e4 e6 2. d4 d5 3. Nd2 Nf6 4. e5 Nfd7 5. Bd3 c5 6. c3 b6 7. Nh3 Ba6 8. Bxa6
Nxa6 9. O-O Nc7 10. Nf4 c4 11. b3 b5 12. a4 a6 13. Nh5 g6 14. Nf6+ Nxf6 15.
exf6 cxb3 16. Qxb3 Rb8 17. Nf3 Qxf6 18. Ne5 Rb7 19. Nc6 Bd6 20. Ba3 b4 21. cxb4
O-O 22. Rac1 Ra8 23. Na5 Rbb8 24. Nc6 Rb7 25. Na5 Rbb8 26. Nc6 1/2-1/2

[Event "Corus C"]
[Site "Wijk aan Zee NED"]
[Date "2008.01.22"]
[Round "9"]
[White "Carlsson, P."]
[Black "Braun, A."]
[Result "1-0"]
[WhiteElo "2501"]
[BlackElo "2536"]
[PlyCount "61"]
[EventDate "2008.01.12"]
[SourceDate "1999.07.01"]

1. e4 e6 2. d4 d5 3. Nd2 c5 4. exd5 Qxd5 5. dxc5 Nf6 6. Ngf3 Bxc5 7. Bc4 Qh5 8.
Qe2 a6 9. Nf1 Bd6 10. Bg5 h6 11. O-O-O hxg5 12. Rxd6 g4 13. Qd2 Nc6 14. Ng5 Bd7
15. Ng3 Qh6 16. Qe3 Ne7 17. h3 Rc8 18. Bb3 Qg6 19. c3 Rh4 20. Rhd1 Qh6 21. hxg4
Rxg4 22. f4 Qh4 23. N3e4 Nxe4 24. Nxe4 Bc6 25. Qd2 Nf5 26. Rxc6 Rxc6 27. Qd7+
Kf8 28. Ng5 Nd6 29. Rxd6 Qe1+ 30. Rd1 Qe3+ 31. Kb1 1-0

[Event "6th Gibtelecom Masters"]
[Site "Gibraltar ENG"]
[Date "2008.01.23"]
[Round "2"]
[White "Gopal, G."]
[Black "Ni Hua"]
[Result "1/2-1/2"]
[WhiteElo "2528"]
[BlackElo "2680"]
[PlyCount "65"]
[EventDate "2008.01.22"]
[SourceDate "1999.07.01"]

1. e4 e6 2. d4 d5 3. Nd2 c5 4. Ngf3 cxd4 5. Nxd4 Nc6 6. Bb5 Bd7 7. Nxc6 Bxc6 8.
Bxc6+ bxc6 9. c4 dxe4 10. Nxe4 Qxd1+ 11. Kxd1 Nf6 12. Nxf6+ gxf6 13. Be3 Rg8
14. g3 c5 15. Kc2 Kd7 16. Rhd1+ Kc6 17. Rd3 Be7 18. Rad1 Rgd8 19. Rxd8 Bxd8 20.
g4 Bc7 21. h3 h5 22. f3 Rg8 23. Kd3 f5 24. gxf5 Rg3 25. fxe6 fxe6 26. Rh1 Rxf3
27. Ke2 Rg3 28. Bf2 Rg5 29. Rg1 Re5+ 30. Kf3 Rf5+ 31. Ke2 Re5+ 32. Kf3 Rf5+ 33.
Ke2 1/2-1/2

[Event "50th It"]
[Site "Reggio Emilia ITA"]
[Date "2008.01.01"]
[Round "4"]
[White "Tiviakov, S."]
[Black "Godena, M."]
[Result "1-0"]
[WhiteElo "2643"]
[BlackElo "2535"]
[PlyCount "57"]
[EventDate "2007.12.29"]
[SourceDate "1999.07.01"]

1. e4 e6 2. d4 d5 3. Nd2 dxe4 4. Nxe4 Bd7 5. Nf3 Bc6 6. Bd3 Nd7 7. O-O Ngf6 8.
Ng3 Be7 9. Qe2 O-O 10. Rd1 Bxf3 11. Qxf3 c6 12. c3 Re8 13. Bc2 Nf8 14. Nf1 Qd5
15. Qe2 Ng6 16. g3 c5 17. Be3 Qc6 18. h4 Nd5 19. h5 Nf8 20. Bc1 Nf6 21. h6 g6
22. Nh2 cxd4 23. Rxd4 Red8 24. Be3 Rxd4 25. Bxd4 N8d7 26. Rd1 Rd8 27. Nf3 a6
28. a4 Ng4 29. Bg7 1-0

[Event "50th It"]
[Site "Reggio Emilia ITA"]
[Date "2008.01.02"]
[Round "5"]
[White "Navara, D."]
[Black "Korchnoi, V."]
[Result "1-0"]
[WhiteElo "2656"]
[BlackElo "2611"]
[PlyCount "71"]
[EventDate "2007.12.29"]
[SourceDate "1999.07.01"]

1. e4 e6 2. d4 d5 3. Nd2 c5 4. Ngf3 Nc6 5. exd5 exd5 6. Bb5 Bd6 7. dxc5 Bxc5 8.
O-O Nge7 9. Nb3 Bd6 10. Bg5 O-O 11. Re1 Bg4 12. Be2 Qc7 13. h3 Bd7 14. c3 h6
15. Bxe7 Nxe7 16. Nbd4 Rad8 17. Bd3 a6 18. Bc2 Rfe8 19. Qd3 Ng6 20. Nh4 Nf8 21.
Bb3 Re5 22. Nhf3 Rxe1+ 23. Rxe1 Ng6 24. Bc2 Kf8 25. h4 Kg8 26. Nf5 Bc5 27. h5
Bb5 28. c4 Nf4 29. Nxh6+ Kf8 30. Qf5 Bxc4 31. Ne5 Ne2+ 32. Rxe2 Bxe2 33. Nhxf7
Ke8 34. Qg6 Qb6 35. Nd6+ Ke7 36. Nf5+ 1-0

[Event "50th It"]
[Site "Reggio Emilia ITA"]
[Date "2008.01.05"]
[Round "8"]
[White "Godena, M."]
[Black "Ni Hua"]
[Result "1/2-1/2"]
[WhiteElo "2535"]
[BlackElo "2641"]
[PlyCount "50"]
[EventDate "2007.12.29"]
[SourceDate "1999.07.01"]

1. e4 e6 2. d4 d5 3. Nd2 c5 4. Ngf3 cxd4 5. Nxd4 Nf6 6. exd5 Qxd5 7. Nb5 Na6 8.
c4 Qf5 9. Be2 Be7 10. Nf3 O-O 11. Nd6 Qa5+ 12. Bd2 Qb6 13. Nxc8 Raxc8 14. Qc2
Nb4 15. Qb1 Bc5 16. O-O Nc6 17. Bc3 Rfd8 18. Qc2 Nb4 19. Qb1 Nc6 20. Qc2 Nd4
21. Nxd4 Bxd4 22. Rad1 Bxc3 23. Qxc3 Ne4 24. Rxd8+ Rxd8 25. Qe5 Qd4 1/2-1/2

[Event "TCh-ESP CECLUB Final"]
[Site "Motril ESP"]
[Date "2008.11.01"]
[Round "1"]
[White "Illescas Cordoba, M."]
[Black "Ubilava, E."]
[Result "1-0"]
[WhiteElo "2604"]
[BlackElo "2551"]
[PlyCount "105"]
[EventDate "2008.11.01"]
[SourceDate "1999.07.01"]

1. e4 e6 2. d4 d5 3. Nd2 c5 4. exd5 Qxd5 5. Ngf3 cxd4 6. Bc4 Qd6 7. O-O Nf6 8.
Nb3 Nc6 9. Nbxd4 Nxd4 10. Nxd4 a6 11. b3 Be7 12. Bb2 O-O 13. Qf3 Qc7 14. Rae1
Rd8 15. Qh3 Nd5 16. Bd3 h6 17. Nf3 Bf6 18. Bxf6 Nxf6 19. Ne5 b5 20. Qg3 Bb7 21.
Ng4 Qxg3 22. Nxf6+ gxf6 23. hxg3 Rac8 24. f3 Rc5 25. Kf2 Kg7 26. Rh1 Bd5 27.
Rh4 Rh8 28. Rg4+ Kf8 29. a4 f5 30. Rb4 Bc6 31. axb5 axb5 32. Ra1 Kg7 33. g4
fxg4 34. Rxg4+ Rg5 35. Rh4 Rc8 36. Rah1 Rh8 37. R1h2 Rc5 38. Ke3 Rg5 39. f4 Rd5
40. g4 e5 41. fxe5 Rxe5+ 42. Kf4 Re6 43. Rh5 Rd8 44. g5 Rd4+ 45. Kg3 hxg5 46.
Rxg5+ Kf6 47. Rc5 Ke7 48. Rhh5 b4 49. Rc4 Rxc4 50. Bxc4 Rg6+ 51. Kf4 Rg2 52.
Bd3 Kd6 53. Rh6+ 1-0

[Event "12th Corsica Masters KO"]
[Site "Ajaccio FRA"]
[Date "2008.10.28"]
[Round "2.1"]
[White "Tiviakov, S."]
[Black "Malakhatko, V."]
[Result "1-0"]
[WhiteElo "2686"]
[BlackElo "2633"]
[PlyCount "75"]
[EventDate "2008.10.27"]
[SourceDate "1999.07.01"]

1. e4 e6 2. d4 d5 3. Nd2 c5 4. exd5 Qxd5 5. dxc5 Bxc5 6. Ngf3 Nf6 7. Bc4 Qc6 8.
O-O Nbd7 9. Qe2 O-O 10. Nb3 b6 11. Nxc5 Qxc5 12. Be3 Qc7 13. Rad1 Bb7 14. Rd4
Rac8 15. Bb3 Ne5 16. Nxe5 Qxe5 17. c4 Rfd8 18. Rfd1 Rxd4 19. Rxd4 h6 20. Bc2
Qc7 21. b3 Rd8 22. f3 Rxd4 23. Bxd4 Qf4 24. Qd3 Qd6 25. Qc3 Nh5 26. c5 bxc5 27.
Bxc5 Qc6 28. Qe5 f5 29. b4 Nf6 30. Bb3 Nd5 31. Bxa7 Qc1+ 32. Kf2 Qd2+ 33. Qe2
Qxe2+ 34. Kxe2 Nxb4 35. Bxe6+ Kh8 36. Bc5 Ba6+ 37. Ke3 Nc6 38. Bxf5 1-0

[Event "WYCC Boys U18"]
[Site "Vung Tau City VIE"]
[Date "2008.10.26"]
[Round "7"]
[White "Howell, D."]
[Black "Nguyen Ngoc Truong Son"]
[Result "0-1"]
[WhiteElo "2593"]
[BlackElo "2567"]
[PlyCount "104"]
[EventDate "2008.10.20"]
[SourceDate "1999.07.01"]

1. e4 e6 2. d4 d5 3. Nd2 Nf6 4. e5 Nfd7 5. c3 c5 6. f4 Nc6 7. Ndf3 Qb6 8. a3
Be7 9. h4 a5 10. b3 cxd4 11. cxd4 f5 12. h5 Nd8 13. Ng5 Nb8 14. N1f3 Bd7 15.
Bd3 a4 16. b4 Bxg5 17. Nxg5 Bb5 18. Be3 Qa6 19. Bxb5+ Qxb5 20. Rc1 Nd7 21. g4
Ra6 22. Rg1 fxg4 23. Qxg4 Rc6 24. Kf2 Nf8 25. Rxc6 bxc6 26. f5 Qd3 27. fxe6 Rg8
28. Rd1 Qc2+ 29. Rd2 Qb1 30. Rd1 Qc2+ 31. Rd2 Qb1 32. Kg2 h6 33. Nf7 Nfxe6 34.
Rf2 Rf8 35. Nd6+ Ke7 36. Nc8+ Ke8 37. Nd6+ Ke7 38. Nf5+ Kd7 39. Kh2 Qd3 40. Rf3
Qxa3 41. b5 cxb5 42. Bg1 Qc1 43. Qg2 Qg5 44. Rg3 Qxh5+ 45. Rh3 Qxf5 46. Qxd5+
Ke7 47. Qd6+ Ke8 48. d5 Qc2+ 49. Kh1 Qe4+ 50. Kh2 Qe2+ 51. Kh1 Nf4 52. Rg3 Rf5
0-1

[Event "38th Olympiad"]
[Site "Dresden GER"]
[Date "2008.11.13"]
[Round "1"]
[White "Godena, M."]
[Black "Akopian, Vl"]
[Result "0-1"]
[WhiteElo "2517"]
[BlackElo "2679"]
[PlyCount "104"]
[EventDate "2008.11.13"]
[SourceDate "1999.07.01"]

1. e4 e6 2. d4 d5 3. Nd2 c5 4. Ngf3 cxd4 5. Nxd4 Nf6 6. Bb5+ Bd7 7. Bxd7+ Nbxd7
8. exd5 Nxd5 9. O-O Be7 10. Qe2 Qb6 11. N2f3 O-O 12. Rd1 Rad8 13. c4 N5f6 14.
h3 a6 15. Be3 Qc7 16. Rac1 Nc5 17. Nc2 Nce4 18. Ng5 Nxg5 19. Bxg5 Qa5 20. Bxf6
Bxf6 21. Na3 g6 22. Rxd8 Rxd8 23. c5 Rd5 24. c6 bxc6 25. Rxc6 Re5 26. Rxa6 Qb4
27. Nc2 Qxb2 28. Qc4 Qc1+ 29. Kh2 Re1 30. Ne3 Be5+ 31. g3 Bxg3+ 32. Kg2 Qxc4
33. Nxc4 Bh4 34. Rd6 Re4 35. Ne3 Ra4 36. Rd2 Bg5 37. Kf3 Kg7 38. Rc2 Bxe3 39.
Kxe3 Ra3+ 40. Kd4 Rxh3 41. Kc5 h5 42. a4 Ra3 43. Kb4 Ra1 44. a5 h4 45. f4 Kh6
46. Rc7 f5 47. Rc8 Kh5 48. Kb5 Kg4 49. Rh8 h3 50. a6 Kg3 51. Kb6 h2 52. a7 Kg2
0-1

[Event "38th Olympiad"]
[Site "Dresden GER"]
[Date "2008.11.22"]
[Round "9"]
[White "Rozentalis, E."]
[Black "Kindermann, S."]
[Result "1-0"]
[WhiteElo "2577"]
[BlackElo "2517"]
[PlyCount "183"]
[EventDate "2008.11.13"]
[SourceDate "1999.07.01"]

1. e4 e6 2. d4 d5 3. Nd2 c5 4. Ngf3 Nf6 5. exd5 exd5 6. Bb5+ Bd7 7. Bxd7+ Nbxd7
8. O-O Be7 9. dxc5 Nxc5 10. Nb3 Nce4 11. Nbd4 Qc8 12. c3 O-O 13. Nc2 Bc5 14.
Be3 b6 15. Qd3 Qb7 16. Bd4 Rfe8 17. Rae1 h6 18. Ne3 Rad8 19. Re2 Bf8 20. Rfe1
Re6 21. g3 g6 22. Bxf6 Rxf6 23. Nd4 Nc5 24. Qc2 h5 25. Ng2 Ne4 26. Nf4 Rfd6 27.
f3 Ng5 28. Kg2 a6 29. Re8 Qd7 30. Rxd8 Qxd8 31. Re3 Qc8 32. Qe2 Rd8 33. Re5 Nh7
34. Nxd5 Qb7 35. Ne7+ Kh8 36. a3 Bg7 37. Nec6 Rf8 38. Re7 Qc8 39. h4 Nf6 40.
Ne5 Kg8 41. Qc4 Qxc4 42. Nxc4 b5 43. Ne3 Rd8 44. Ra7 Rd6 45. Kf2 Nd7 46. Nec2
Nc5 47. b3 Be5 48. Ra8+ Kg7 49. Re8 Bf6 50. Rc8 Nd7 51. Ke2 Nb6 52. Rc5 Nd5 53.
Kd3 Ne7 54. Ne3 Rd8 55. Rc7 Kf8 56. f4 Rd6 57. Rc5 Rd8 58. Ke4 Re8 59. Kf3 Rd8
60. Nec2 Kg7 61. a4 bxa4 62. bxa4 Rb8 63. Ke4 Rb1 64. Ra5 Rc1 65. Kd3 Rg1 66.
Ne2 Rd1+ 67. Ke4 Nf5 68. Ncd4 Bxd4 69. cxd4 Rd2 70. Kf3 Nxd4+ 71. Nxd4 Rxd4 72.
Rxa6 Rd3+ 73. Kf2 Ra3 74. a5 Ra2+ 75. Kf3 Ra3+ 76. Kf2 Ra2+ 77. Ke3 Ra3+ 78.
Ke4 Rxg3 79. Rb6 Ra3 80. a6 Ra5 81. Kd4 Ra4+ 82. Kc5 Rxf4 83. Rb5 Rf1 84. a7
Rc1+ 85. Kb4 Rb1+ 86. Ka5 Ra1+ 87. Kb6 Rxa7 88. Kxa7 f6 89. Kb6 g5 90. hxg5
fxg5 91. Rxg5+ Kh6 92. Re5 1-0

[Event "38th Olympiad"]
[Site "Dresden GER"]
[Date "2008.11.23"]
[Round "10"]
[White "Howell, D."]
[Black "Ni Hua"]
[Result "1/2-1/2"]
[WhiteElo "2593"]
[BlackElo "2710"]
[PlyCount "99"]
[EventDate "2008.11.13"]
[SourceDate "1999.07.01"]

1. e4 e6 2. d4 d5 3. Nd2 c5 4. Ngf3 cxd4 5. Nxd4 Nf6 6. exd5 Qxd5 7. Nb5 Na6 8.
c4 Qf5 9. Be2 Be7 10. O-O O-O 11. Nd4 Qc5 12. N2b3 Qe5 13. Bf3 Qc7 14. Qe2 Bd7
15. Be3 Rac8 16. Rac1 Nc5 17. Rfd1 Nxb3 18. axb3 b6 19. Nb5 Qb8 20. Bd4 Bc6 21.
Ra1 Bxf3 22. Qxf3 a5 23. Qe3 Bc5 24. Bxc5 Rxc5 25. Rd4 Qe5 26. Qd3 h5 27. h3
Qf5 28. Qxf5 Rxf5 29. Rad1 g5 30. Nc3 Kg7 31. g4 hxg4 32. hxg4 Re5 33. f3 Rb8
34. Rd8 Rb7 35. Kf2 Rc5 36. R1d6 Rcc7 37. Ke3 Rd7 38. R8xd7 Nxd7 39. Ne4 Nc5
40. Nxg5 Nxb3 41. Ne4 a4 42. Rd8 Ra7 43. Kf4 Rc7 44. Nd6 Kf6 45. Ra8 e5+ 46.
Ke3 Ke6 47. Nc8 Rc6 48. Rb8 Kd7 49. Na7 Rxc4 50. Rxb6 1/2-1/2

[Event "38th Olympiad"]
[Site "Dresden GER"]
[Date "2008.11.23"]
[Round "10"]
[White "Nedev, T."]
[Black "Kosic, D."]
[Result "0-1"]
[WhiteElo "2525"]
[BlackElo "2511"]
[PlyCount "118"]
[EventDate "2008.11.13"]
[SourceDate "1999.07.01"]

1. e4 e6 2. d4 d5 3. Nd2 c5 4. Ngf3 cxd4 5. exd5 Qxd5 6. Bc4 Qd6 7. O-O Nf6 8.
Nb3 Nc6 9. Nbxd4 Nxd4 10. Nxd4 Bd7 11. Re1 O-O-O 12. Be3 Qc7 13. Qe2 Bd6 14. h3
Bh2+ 15. Kh1 Bf4 16. Bb3 Kb8 17. a4 Bxe3 18. Qxe3 a6 19. c4 Bc8 20. Nf3 Nh5 21.
c5 Nf4 22. Ne5 g5 23. Rad1 f6 24. Nc4 Nd5 25. Qd4 e5 26. Qe4 Nf4 27. Rd6 Ne6
28. Qf3 Nxc5 29. Red1 Rxd6 30. Rxd6 Rd8 31. Rxd8 Qxd8 32. Bc2 Qd4 33. Ne3 e4
34. Qg3+ Ka7 35. Qc7 Be6 36. a5 Nd3 37. Kg1 f5 38. Bxd3 exd3 39. Qe7 Bd7 40.
Qd8 d2 41. Nd1 h6 42. Kh2 Qd6+ 43. Kg1 Qd4 44. Kh2 Qe5+ 45. Kg1 Qd6 46. Kh1 g4
47. hxg4 fxg4 48. Kg1 g3 49. Qh4 Bc6 50. b3 Qe5 51. Qxg3 Qxg3 52. fxg3 Bd5 53.
Kf2 Bxb3 54. Ke2 Bxd1+ 55. Kxd1 b6 56. axb6+ Kxb6 57. Kxd2 Kc5 58. Kc3 h5 59.
Kd3 Kd5 0-1

[Event "British Rapid"]
[Site "Halifax ENG"]
[Date "2008.11.29"]
[Round "5"]
[White "Gordon, S."]
[Black "Arkell, K."]
[Result "1/2-1/2"]
[WhiteElo "2521"]
[BlackElo "2521"]
[PlyCount "38"]
[EventDate "2008.11.29"]
[SourceDate "1999.07.01"]

1. d4 e6 2. e4 d5 3. Nd2 dxe4 4. Nxe4 Bd7 5. Nf3 Bc6 6. Bd3 Nd7 7. O-O Ngf6 8.
Ng3 Be7 9. Re1 Bxf3 10. Qxf3 c6 11. b3 Qa5 12. Bf4 O-O 13. c4 Bb4 14. Re2 Rfe8
15. Rd1 e5 16. dxe5 Nxe5 17. Bxe5 Rxe5 18. Rxe5 Qxe5 19. Ne4 Nxe4 1/2-1/2

[Event "TCh-SLO"]
[Site "Murska Sobota SLO"]
[Date "2008.12.09"]
[Round "4"]
[White "Borisek, J."]
[Black "Dizdar, G."]
[Result "1-0"]
[WhiteElo "2548"]
[BlackElo "2551"]
[PlyCount "75"]
[EventDate "2008.12.06"]
[SourceDate "1999.07.01"]

1. e4 e6 2. d4 d5 3. Nd2 c5 4. Ngf3 a6 5. c3 Nc6 6. Bd3 cxd4 7. cxd4 dxe4 8.
Nxe4 Nge7 9. O-O Nf5 10. Be3 Be7 11. Rc1 O-O 12. Bb1 Nb4 13. Ne5 f6 14. Nf3 b6
15. Bd2 Nd5 16. Re1 Qd7 17. Ng3 Nd6 18. h4 Nf5 19. Nxf5 exf5 20. h5 Bd6 21. Nh4
Ne7 22. Qb3+ Rf7 23. Bb4 Bb7 24. Bxd6 Qxd6 25. Nxf5 Nxf5 26. Bxf5 Bd5 27. Qd3
h6 28. Bg6 Re7 29. Rxe7 Qxe7 30. g3 Kh8 31. Rc7 Qe1+ 32. Kh2 Rg8 33. Bf5 Qe8
34. Bg6 Qb8 35. a3 Rc8 36. Rd7 Qxg3+ 37. Kxg3 Bc4 38. d5 1-0

[Event "TCh-SLO"]
[Site "Murska Sobota SLO"]
[Date "2008.12.13"]
[Round "8"]
[White "Kryvoruchko, Y."]
[Black "Tratar, M."]
[Result "1/2-1/2"]
[WhiteElo "2627"]
[BlackElo "2507"]
[PlyCount "81"]
[EventDate "2008.12.06"]
[SourceDate "1999.07.01"]

1. e4 e6 2. d4 d5 3. Nd2 dxe4 4. Nxe4 Nd7 5. Nf3 Ngf6 6. Nxf6+ Nxf6 7. Be3 Bd6
8. Bd3 b6 9. Ne5 O-O 10. Qf3 Nd5 11. O-O-O Bb7 12. Qh3 f5 13. Rhg1 Bxe5 14.
dxe5 Nxe3 15. Qxe3 Qh4 16. f4 Qxh2 17. g4 Be4 18. Bxe4 fxe4 19. Rdf1 Rad8 20.
Rh1 Qg2 21. Rhg1 Qh2 22. Qxe4 Qd2+ 23. Kb1 Qd4 24. Qc6 Qd5 25. Qxc7 Rf7 26. Qc3
Rxf4 27. b3 Rxf1+ 28. Rxf1 Rf8 29. Re1 h6 30. Qc7 Rf7 31. Qc3 Rf8 32. Qc7 Rf7
33. Qb8+ Kh7 34. g5 h5 35. g6+ Kxg6 36. Qh8 Rf5 37. Rg1+ Rg5 38. Qe8+ Kh6 39.
Qh8+ Kg6 40. Qe8+ Kh6 41. Qh8+ 1/2-1/2

[Event "75th ch-BRA"]
[Site "Porto Alegre BRA"]
[Date "2008.12.14"]
[Round "8"]
[White "Milos, G."]
[Black "Vescovi, G."]
[Result "0-1"]
[WhiteElo "2593"]
[BlackElo "2635"]
[PlyCount "122"]
[EventDate "2008.12.07"]
[SourceDate "1999.07.01"]

1. e4 e6 2. d4 d5 3. Nd2 dxe4 4. Nxe4 Nd7 5. Nf3 Ngf6 6. Nxf6+ Nxf6 7. Bc4 c5
8. Be3 Ng4 9. Bg5 Qa5+ 10. c3 h6 11. Bh4 Be7 12. Bxe7 Kxe7 13. O-O Rd8 14. Re1
cxd4 15. Nxd4 Nf6 16. Qf3 Kf8 17. Bb3 Qb6 18. Re3 a5 19. a4 Bd7 20. Rae1 Rac8
21. Re5 Kg8 22. Qg3 Rc5 23. h3 Rxe5 24. Qxe5 Bc6 25. Qe3 Be4 26. Re2 e5 27. Nb5
Qxe3 28. fxe3 Bd3 29. Rd2 Rd7 30. Rd1 Bxb5 31. axb5 Rxd1+ 32. Bxd1 b6 33. Bb3
Kf8 34. Kf2 Ne4+ 35. Ke2 Nd6 36. c4 Nb7 37. Bc2 Nc5 38. Kf3 Ke7 39. h4 g6 40.
g4 Kd6 41. Be4 Na4 42. b3 Nc5 43. Bc2 g5 44. hxg5 hxg5 45. Ke2 e4 46. Kd2 Ke5
47. Ke2 Nd7 48. Kf2 Nf6 49. Bd1 Kd6 50. Ke1 Kc5 51. Kd2 Kb4 52. Kc2 Nd7 53. Kd2
Ne5 54. Bc2 Nxg4 55. Bxe4 Ne5 56. Bd5 f6 57. Be6 g4 58. e4 g3 59. Ke2 Nd3 60.
Kf1 Nc5 61. Bd5 Kxb3 0-1

[Event "UTD Invitational GM"]
[Site "Richardson USA"]
[Date "2008.11.28"]
[Round "6"]
[White "Kudrin, S."]
[Black "Kuljasevic, D."]
[Result "1/2-1/2"]
[WhiteElo "2553"]
[BlackElo "2521"]
[PlyCount "130"]
[EventDate "2008.11.26"]
[SourceDate "1999.07.01"]

1. e4 e6 2. d4 d5 3. Nd2 c5 4. exd5 Qxd5 5. Ngf3 cxd4 6. Bc4 Qd6 7. O-O Nf6 8.
Nb3 Nc6 9. Nbxd4 Nxd4 10. Nxd4 a6 11. Bb3 Bd7 12. c3 Qc7 13. Qf3 Bd6 14. h3
O-O-O 15. Bg5 Be5 16. Rad1 h6 17. Be3 g5 18. Qe2 Bh2+ 19. Kh1 Bf4 20. Bxf4 gxf4
21. Rfe1 Rhg8 22. Qc4 Rg7 23. Qxc7+ Kxc7 24. Bc4 Bc6 25. Nxc6 Rxd1 26. Rxd1
Kxc6 27. Rd4 e5 28. Rd1 Ne8 29. Kg1 Nd6 30. Bd5+ Kc7 31. Kf1 f5 32. a4 Rd7 33.
Be6 Re7 34. Bb3 b5 35. Ke2 e4 36. axb5 axb5 37. Ra1 Kb6 38. Ra8 e3 39. Rh8
exf2+ 40. Kxf2 Ne4+ 41. Kg1 Ng3 42. Rxh6+ Kc5 43. Re6 Rd7 44. Re5+ Kc6 45. Re1
Rd2 46. Bd1 Rxb2 47. h4 Rd2 48. Bf3+ Kc5 49. Rd1 Rxd1+ 50. Bxd1 Kd6 51. Bc2
Ne2+ 52. Kf2 Nxc3 53. Bxf5 Ke5 54. Bc2 Ne4+ 55. Kf3 Nd2+ 56. Kg4 b4 57. h5 b3
58. Bd3 Kf6 59. Kxf4 b2 60. g4 b1=Q 61. g5+ Kf7 62. Bxb1 Nxb1 63. Kf5 Nc3 64.
h6 Nd5 65. g6+ Kg8 1/2-1/2

[Event "FSGM December"]
[Site "Budapest HUN"]
[Date "2008.12.10"]
[Round "5"]
[White "Bromberger, S."]
[Black "Kosic, D."]
[Result "1/2-1/2"]
[WhiteElo "2504"]
[BlackElo "2511"]
[PlyCount "65"]
[EventDate "2008.12.06"]
[SourceDate "1999.07.01"]

1. e4 e6 2. d4 d5 3. Nd2 c5 4. exd5 Qxd5 5. Ngf3 cxd4 6. Bc4 Qd6 7. O-O Nf6 8.
Nb3 Nc6 9. Nbxd4 Nxd4 10. Nxd4 Bd7 11. b3 a6 12. Bb2 Qc7 13. Qe2 O-O-O 14. Rad1
Bd6 15. Nf3 Bc6 16. Ne5 Bd5 17. Bd3 Kb8 18. f4 h5 19. Bd4 Bc5 20. Bxc5 Qxc5+
21. Qf2 Qc7 22. c4 Be4 23. Be2 Bf5 24. Qe3 Ng4 25. Bxg4 Bxg4 26. Rxd8+ Rxd8 27.
c5 f6 28. Nc4 Rd5 29. b4 Qc6 30. Nd6 Qa4 31. Qe4 a5 32. h3 Qc6 33. Qh7 1/2-1/2